The noble scholar, jurist, historian


 His Excellency Dr. Abdul Wahhab bin Ibrahim Abu Sulaiman, may Allah have mercy on him.


 He was born in Umm Al-Qura in the year 1356 AH.

كتاب تعريف العشائر والخلان بشعوب وقبائل الفلان / (Record no. 14447)

MARC details
000 -LEADER
fixed length control field 01654cam a22003011i 4500
003 - CONTROL NUMBER IDENTIFIER
control field SA-RiAUC
005 - DATE AND TIME OF LATEST TRANSACTION
control field 20260221133359.0
008 - FIXED-LENGTH DATA ELEMENTS--GENERAL INFORMATION
fixed length control field 260215s1935 su g 000 0 ara c
040 ## - CATALOGING SOURCE
Original cataloging agency SA-JeALM
Language of cataloging ara
Transcribing agency SA-RiAUC
Description conventions rda
043 ## - GEOGRAPHIC AREA CODE
Geographic area code f------
050 #4 - LIBRARY OF CONGRESS CALL NUMBER
Item number A44 1935
082 04 - DEWEY DECIMAL CLASSIFICATION NUMBER
Classification number 929.2096
Assigning agency SA-RiAUC
090 ## - LOCALLY ASSIGNED LC-TYPE CALL NUMBER (OCLC); LOCAL CALL NUMBER (RLIN)
Classification number (OCLC) (R) ; Classification number, CALL (RLIN) (NR) م ن 929.2096
Local cutter number (OCLC) ; Book number/undivided call number, CALL (RLIN) ا ل ف
100 1# - MAIN ENTRY--PERSONAL NAME
Personal name ألفا هاشم، محمد بن أحمد،
Dates associated with a name 1283-1349 هجري
Relator term مؤلف.
245 10 - TITLE STATEMENT
Title كتاب تعريف العشائر والخلان بشعوب وقبائل الفلان /
Statement of responsibility, etc. محمد بن أحمد الشهير بألفا هاشم الفوتي. ويليه القصيدة النونية في مدح بعض مشائخ الفلانية للأستاذ سعيد بن صديق المتوفي 10 رجب 1353 هـ
246 ## - VARYING FORM OF TITLE
Title proper/short title تعريف العشائر والخلان بشعوب وقبائل الفلان
264 #1 - PRODUCTION, PUBLICATION, DISTRIBUTION, MANUFACTURE, AND COPYRIGHT NOTICE
Place of production, publication, distribution, manufacture مكة المكرمة :
Name of producer, publisher, distributor, manufacturer المطبعة الماجدية،
-- موسى بن محمد الفوتي القروي.
Date of production, publication, distribution, manufacture, or copyright notice [1935]
300 ## - PHYSICAL DESCRIPTION
Extent 16 ورقة .
Dimensions 29 سم.
336 ## - CONTENT TYPE
Content type term نص
Content type code txt
Source rdacontent
Materials specified كتاب
337 ## - MEDIA TYPE
Media type term بدون وسيط
Media type code n
Source rdamedia
650 #7 - SUBJECT ADDED ENTRY--TOPICAL TERM
Topical term or geographic name entry element الفولاني (شعب إفريقي)
General subdivision تاريخ
Source of heading or term aucsh
650 #7 - SUBJECT ADDED ENTRY--TOPICAL TERM
Topical term or geographic name entry element القبائل
Geographic subdivision إفريقيا
General subdivision تاريخ
Source of heading or term aucsh
650 #7 - SUBJECT ADDED ENTRY--TOPICAL TERM
Topical term or geographic name entry element الفولاني (شعب إفريقي)
General subdivision تاريخ
Source of heading or term aucsh
650 #7 - SUBJECT ADDED ENTRY--TOPICAL TERM
Topical term or geographic name entry element القبائل
Geographic subdivision إفريقيا
General subdivision تاريخ
Source of heading or term aucsh
700 12 - ADDED ENTRY--PERSONAL NAME
Personal name ابن صديق، سعيد
Dates associated with a name توفى 10 رجب 1353 هـ
Relationship information مع :
Title of a work القصيدة النونية في مدح بعض مشائخ الفلانية
942 ## - ADDED ENTRY ELEMENTS (KOHA)
Source of classification or shelving scheme Dewey Decimal Classification
Koha item type كتاب مصور نادر
Suppress in OPAC No
949 ## - LOCAL PROCESSING INFORMATION (OCLC)
a SA-JeALM
d 260215
u osman123
n 1
Holdings
Withdrawn status Lost status Source of classification or shelving scheme Damaged status Not for loan Home library Current library Date acquired Total checkouts Full call number Barcode Date last seen Price effective from Koha item type
    Dewey Decimal Classification     DR AbdElwahab Library DR AbdElwahab Library 02/21/2026   م ن 929.2096 ا ل ف 000022888 02/21/2026 02/21/2026 كتاب مصور نادر
    Dewey Decimal Classification     DR AbdElwahab Library DR AbdElwahab Library 02/21/2026   م ن 929.2096 ا ل ف 000022889 02/21/2026 02/21/2026 كتاب مصور نادر